书目信息 |
| 题名: |
斯大林文章选读
|
|
| 作者: | ;北京外国语学院俄语系读物组 编 | |
| 分册: | ||
| 出版信息: |
|
|
| 页数: | 103页 | |
| 开本: | 20cm | |
| 丛书名: | ||
| 单 册: | ||
| 中图分类: | H359.4 | |
| 科图分类: | ||
| 主题词: | 俄语 | |
| 电子资源: | ||
| ISBN: | ||
| 000 | 00571nam0 2200193 45 | |
| 001 | 0405111549 | |
| 005 | 20040511152915.7 | |
| 010 | @dCNY2 | |
| 100 | @a20040511d km y0chiy0120 ea | |
| 101 | 0 | @achi |
| 105 | @a z 000yy | |
| 200 | 1 | @a斯大林文章选读@ASi Da Lin Wen Zhang Xuan Du@f北京外国语学院俄语系读物组编@FBei Jing Wai Guo Yu Xue Yuan E Yu Xi Du Wu Zu Bian |
| 215 | @a103页@d20cm | |
| 300 | @a俄语课外读物 | |
| 606 | 0 | @a俄语 |
| 690 | @aH359.4@v3 | |
| 711 | 02 | @a北京外国语学院俄语系读物组@4编 |
| 801 | @aCN@bPftUser@c20040511 | |
| 905 | @f1@b47858@dH359.4@e108 | |
| 斯大林文章选读/北京外国语学院俄语系读物组编 |
| 103页;20cm |
| 俄语课外读物 |
| ISBN :CNY2 |
| ● |
| 相关链接 |
|
|
|
|
正题名:斯大林文章选读
索取号:H359.4/108
 
预约/预借
| 序号 | 登录号 | 条形码 | 馆藏地/架位号 | 状态 | 备注 |
| 1 | 0047858 | 001062030 | 密集书库/ [索取号:H359.4/108] | 在馆 | |
| 2 | 0047859 | 001062021 | 第四借阅区/ [索取号:H359.4/108] | 在馆 |